Normal view
MARC view
- اللوزي ، عادل سالم محمد
Entry Personal Name
001 - CONTROL NUMBER
- control field: 65837
003 - CONTROL NUMBER IDENTIFIER
- control field: JO-AjAnu
005 - DATE AND TIME OF LATEST TRANSACTION
- control field: 20240630081743.0
008 - FIXED-LENGTH DATA ELEMENTS
- fixed length control field: 240630|| aca||aabn | a|a d
040 ## - CATALOGING SOURCE
- Original cataloging agency: JO-AjAnu
100 ## - HEADING--PERSONAL NAME
- Personal name: اللوزي ، عادل سالم محمد